LIBRARY & INFORMATION CENTRE, KCAET, TAVANUR

ONLINE PUBLIC ACCESS CATALOGUE (OPAC)

Structure of Byron`s major poems / (Record no. 6827)

MARC details
000 -LEADER
fixed length control field 00423cam a2200157ua 4500
041 ## - LANGUAGE CODE
Language code of text/sound track or separate title eng
082 ## - DEWEY DECIMAL CLASSIFICATION NUMBER
Classification number 828.09
Item number MAR/ST
100 ## - MAIN ENTRY--AUTHOR NAME
Personal name Marshall, William H .
245 ## - TITLE STATEMENT
Title Structure of Byron`s major poems /
250 ## - EDITION STATEMENT
Edition statement 1 /
260 ## - PUBLICATION, DISTRIBUTION, ETC. (IMPRINT)
Place of publication Philodalphia :
Name of publisher University of Pensylvania press ,
Year of publication 1962.
300 ## - PHYSICAL DESCRIPTION
Number of Pages 191 ; .
942 ## - ADDED ENTRY ELEMENTS (KOHA)
Koha item type Books
Holdings
Withdrawn status Lost status Damaged status Home library Current library Date acquired Cost, normal purchase price Full call number Accession Number Koha item type Public note
Withdrawn     KAUAET Sanskrit University 07/04/2012 48.00 828.09 6560 Books Transferred to Sanskrit University
free website counter